| 000 | 01380nam a2200205Ia 4500 | ||
|---|---|---|---|
| 003 | Ost | ||
| 005 | 20260507075109.0 | ||
| 008 | 260507s9999||||xx |||||||||||||| ||und|| | ||
| 040 | _cfsecg | ||
| 041 | _aara | ||
| 082 | _a330 | ||
| 100 |
_aالهاشمي، مختار محمود _eمؤلف |
||
| 245 | 0 |
_aمبادئ الخطر والتامين / _c مختار محمود الهاشمي |
|
| 260 |
_aالاسكندرية: _bالدار الجامعية لطبع و النشروالتوزيع, _c2001 |
||
| 300 |
_a403 صفحة؛ _c24 سم |
||
| 520 | _aالخطر والتامينات الاجتماعية 2- التامين على الحياة ف1 في جوانب تتعلق بالخطر في قياس الخطر وادارته في الاطار العام للتامين 2- في الاطار العام للتامين الاجتماعي 3- في القانون الجديد للتامينات الاجتماعية 4- في نظام المكافاة الجديد طبقا للقانون رقم 47 لسنة 1984 جداول واحتمالات الحياة الفصل الثاني مقدمة في تأمينات الحياة الفصل الثالث : حساب الاقساط لبربحية الصافية . | ||
| 653 | _aمبادئ الخطر - مبادئ التامين | ||
| 700 |
_aحمودة، ابراهيم عبد النبي _eمؤلف ثانوي |
||
| 942 | _cكتاب | ||
| 999 |
_c42858 _d42858 |
||